Animals By Picture - Letter J - Statistics

General Stats
  • This quiz has been taken 472 times
  • The average score is 4 of 8
Answer Stats
Picture Answer % Correct
Jaguar
98%
Jellyfish
94%
Jackal
72%
Jackrabbit
66%
Japanese Macaque
37%
Jerboa
36%
Jabiru
23%
Jacana
18%
No matching quizzes found
Score Distribution
Percent of People with Each Score
Percentile by Number Answered
Your Score History
You have not taken this quiz